| 000 | 00612nam a2200205 a 4500 | ||
|---|---|---|---|
| 001 | 000020943 | ||
| 005 | 20200930011210.0 | ||
| 008 | 100824s2004 dr 001 0 spa d | ||
| 020 | _a9993422606 | ||
| 020 | _a9993422606 | ||
| 040 |
_aDO-SdBNP _bspa _cBNPHU |
||
| 082 |
_axxxx _bL579e |
||
| 100 | 1 |
_aLeón, Luis de _943314 |
|
| 245 | 1 | 0 |
_aEducación y democracia de cara al siglo XXI / _cLuis de León. |
| 250 | _a3a. ed. | ||
| 260 |
_aSanto Domingo : _bEditora el Nuevo Diario, _c2004. |
||
| 300 |
_a185 p. ; _c20 cm. |
||
| 500 | _aIncluye datos biográficos del autor en al contracubierta | ||
| 049 | _aBNPD | ||
| 999 |
_c20446 _d20446 |
||